000 00461nam a22001817a 4500
003 OSt
005 20211108112242.0
008 211108b |||||||| |||| 00| 0 eng d
020 _a0851988490
040 _cHAWASSA UNIVERSITY
050 _a636.08926/LAW
_b1
082 _a636.08926/LAW
_b1
100 _aLAWRENCE T.L.J.
_916151
245 _aGROWTH OF FARM ANIMALS
260 _aLONDON
_bCAB INTERNATIONAL
_c1997
300 _axi/330
942 _2ddc
_cBOOKS
_n0
999 _c17115
_d17115